00642nam a2200193Ia 4500008004100000020001800041041000800059082001500067100001600082245004200098250001200140260002100152300000800173365001600181700003000197906003400227999001900261952016800280230718s9999 xx 000 0 und d a9788126508310 aeng a620.1bMER aMeriam J.L. aEngineering Mechanics Vol.II Dynamics a5th ed. c2009bJohn Wiley a710 cRs.b379.00 aMeriam J.L. & Kraige L.G. dB:703412-Dec-2008cSSb250.14 c320363d320363 00104070aCCEPbCCEPd2009-02-16eVarma Book DistributorsfSSg295.62i7034l0o620.1pCCEP-BK-31570r2023-07-18 00:00:00t250.14v379.00w2008-12-12yBKz031570